| 000 | 00695nam a22002297a 4500 | ||
|---|---|---|---|
| 005 | 20170124110013.0 | ||
| 010 | _a755334 | ||
| 020 | _c00.00 | ||
| 035 | _a755334 | ||
| 037 | _bCen Lib/Ret | ||
| 040 |
_aDPL _bEN |
||
| 082 |
_a332.41 _bGAN |
||
| 100 |
_aGanguly, Birendranath _918057 |
||
| 245 |
_aWhither Rupee? : _cby Birendranath Ganguly _ba study in the ratio controversy / |
||
| 260 |
_aDelhi _bSultan Chand & Sons _c1939 |
||
| 270 |
_aChandni Chowk _bDelhi _e110006 |
||
| 300 |
_avarious pagings : _c18cm(Hb) |
||
| 500 | _aIncludes index | ||
| 650 |
_aMoney -- India. _918058 |
||
| 650 |
_aCurrency question -- India. _918059 |
||
| 942 |
_2ddc _cEN _h332.41 _mGAN |
||
| 999 |
_c126641 _d126641 |
||